NFL Players By Jersey Number - Statistics

General Stats
  • This quiz has been taken 112 times
    103 since last reset
  • The average score is 11 of 32
Answer Stats
Hint Answer % Correct
Buffalo Bills#88 Dawson Knox
69%
Los Angeles Rams#17 Puka Nacua
54%
Cincinnati Bengals#91 Trey Hendrickson
54%
San Francisco 49ers#13 Brock Purdy
53%
Detroit Lions#9 Jameson Williams
51%
Indianapolis Colts#99 DeForest Buckner
49%
New Orleans Saints#21 Jamaal Williams
48%
Arizona Cardinals #4 Rondale Moore
45%
Baltimore Ravens#6 Patrick Queen
44%
Miami Dolphins #31 Raheem Mostert
44%
Dallas Cowboys#3 Brandin Cooks
41%
Chicago Bears#33 Jaylon Johnson
40%
New York Jets#57 CJ Mosley
39%
Cleveland Browns#34 Jerome Ford
38%
Los Angeles Chargers#1 Quentin Johnston
37%
New York Giants#86 Darius Slayton
36%
Seattle Seahawks#27 Riq Woolen
34%
Jacksonville Jaguars#44 Travon Walker
34%
Tampa Bay Buccaneers#45 Devin White
33%
Green Bay Packers#87 Romeo Doubs
30%
Kansas City Chiefs#20 Justin Reid
29%
Philadelphia Eagles#94 Josh Sweat
24%
Minnesota Vikings#2 Alexander Mattison
18%
Denver Broncos#22 Kareem Jackson
18%
New England Patriots#23 Kyle Dugger
18%
Carolina Panthers#17 DJ Chark
17%
Atlanta Falcons#1 Jeff Okudah
14%
Pittsburgh Steelers#20 Patrick Peterson
14%
Tennessee Titans#37 Amani Hooker
13%
Houston Texans#1 Jimmie Ward
10%
Las Vegas Raiders#5 Divine Deablo
7%
Washington Commanders#22 Darrick Forrest
2%
No matching quizzes found
Score Distribution
Percent of People with Each Score
Percentile by Number Answered
Your Score History
You have not taken this quiz since the last reset